[Event "I IRT Mem Mauricio Maghelly - ALEX 2023"]
[Site "Alex"]
[Date "2023.02.04"]
[Round "3.8"]
[White "Da Costa, Carlos Henrique Luz"]
[Black "De Oliveira, Sergio Patricio"]
[Result "1-0"]
[WhiteElo "1520"]
[BlackElo "1622"]
[PlyCount "79"]
[EventDate "2023.01.30"]

{[%evp 0,79,30,25,29,29,63,28,43,38,32,38,42,28,31,-17,-13,7,38,52,163,163,163,
58,104,22,-7,21,14,5,91,-26,13,10,55,66,54,-13,-15,-24,145,82,82,82,100,69,39,
20,14,-2,46,3,197,220,220,208,202,184,206,193,192,186,209,167,205,198,205,173,
161,132,220,214,279,254,272,254,260,307,311,313,310,165]} 1. d4 {[%eval 0,0]}
Nf6 {[%eval 28,0]} 2. Bf4 {[%eval 0,0]} g6 {[%eval 13,0]} 3. e3 {[%eval 0,0]}
Bg7 {[%eval 0,0]} 4. h3 {[%eval 13,0]} O-O {[%eval 1,0]} 5. Nf3 {[%eval 1,0]}
d6 {[%eval 17,0]} 6. Bc4 {[%eval 0,0]} Nbd7 {[%eval 22,0]} 7. c3 {[%eval 0,0]}
Nh5 {[%eval 45,0]} 8. Bh2 {[%eval 37,0]} Kh8 {[%eval 63,0]} 9. Nbd2 {[%eval 55,
0]} f5 {[%eval 99,0]} 10. Ng5 {[%eval 108,0]} Nb6 {[%eval 113,0]} 11. Bb3 $6 {
[%eval 41,0] Inaccuracy. Nf7+ was best.} (11. Nf7+ Rxf7 12. Bxf7 e6 13. g4 Nf6
14. gxf5 exf5 15. Bb3 Bd7 16. Rg1 a5 17. a3 Qe8) 11... e5 $6 {[%eval 126,0]
Inaccuracy. Qe8 was best.} (11... Qe8 12. a4 a5 13. Ne6 Bxe6 14. Bxe6 Bf6 15.
Qf3 Ng7 16. Bb3 Rb8 17. Qe2 e5 18. g4) 12. h4 $4 {[%eval 82,0] Blunder. Nf7+
was best.} (12. Nf7+ Rxf7 13. Bxf7 exd4 14. cxd4 Bxd4 15. Bxg6 hxg6 16. exd4
Qe8+ 17. Qe2 Bd7 18. Qxe8+ Rxe8+) 12... exd4 $6 {[%eval 0,0] Inaccuracy. Qe7
was best.} (12... Qe7 13. dxe5 dxe5 14. a4 a5 15. Qe2 Ra6 16. Bc2 h6 17. Ngf3
Bd7 18. O-O e4 19. Nd4) 13. cxd4 {[%eval 6,0]} Qe7 {[%eval 7,0]} 14. O-O {
[%eval 4,0]} Bf6 $6 {[%eval 63,0] Inaccuracy. h6 was best.} (14... h6 15. Ngf3)
15. Ndf3 {[%eval 39,0]} h6 {[%eval 32,0]} 16. Nh3 {[%eval 3,0]} Bxh4 {[%eval
36,0]} 17. Nxh4 {[%eval 24,0]} Qxh4 {[%eval 41,0]} 18. Nf4 {[%eval 33,0]} Nxf4
{[%eval 36,0]} 19. Bxf4 {[%eval 41,0]} g5 $6 {[%eval 129,0] Inaccuracy. Kh7
was best.} (19... Kh7 20. Rc1) 20. Bg3 {[%eval 123,0]} Qe4 {[%eval 98,0]} 21.
Qh5 {[%eval 102,0]} Kg7 {[%eval 122,0]} 22. Rac1 {[%eval 143,0]} Qe7 {[%eval
137,0]} 23. Rc3 $2 {[%eval 0,0] Mistake. f4 was best.} (23. f4 Be6 24. Bxe6
Qxe6 25. Rxc7+ Rf7 26. Qxf7+ Qxf7 27. Rxf7+ Kxf7 28. fxg5 hxg5 29. Rxf5+ Kg6)
23... c6 {[%eval 11,0]} 24. Qh2 {[%eval 2,0]} Rf6 {[%eval 36,0]} 25. Rfc1 $6 {
[%eval 99,0] Inaccuracy. f3 was best.} (25. f3 Bd7 26. Re1 Nd5 27. Bxd5 cxd5
28. Rc7 Re6 29. Qh3 Rf8 30. Rxb7 Rf7 31. Bf2 f4) 25... Be6 $4 {[%eval 206,0]
Blunder. Rg6 was best.} (25... Rg6 26. f3 h5 27. e4 f4 28. Bf2 h4 29. a4 a5 30.
Re1 Rh6 31. d5 Nd7 32. dxc6) 26. Bxd6 {[%eval 242,0]} Qf7 {[%eval 251,0]} 27.
Be5 {[%eval 245,0]} Nd5 {[%eval 246,0]} 28. Rc5 {[%eval 253,0]} Kg8 {[%eval
298,0]} 29. Bxf6 {[%eval 326,0]} Qxf6 {[%eval 303,0]} 30. a3 $6 {[%eval 257,0]
Inaccuracy. Bxd5 was best.} (30. Bxd5 Bxd5 31. Rxd5 cxd5 32. Qc7 f4 33. Qxb7
Rd8 34. Rc8 Qf8 35. Rxd8 Qxd8 36. exf4 gxf4) 30... Rf8 {[%eval 242,0]} 31. Qd6
{[%eval 249,0]} Rd8 {[%eval 253,0]} 32. Qh2 {[%eval 259,0]} Re8 {[%eval 262,0]}
33. Bxd5 {[%eval 204,0]} Bxd5 {[%eval 176,0]} 34. Qc7 {[%eval 194,0]} Qe6 $2 {
[%eval 343,0] Mistake. Re7 was best.} (34... Re7 35. Qd8+) 35. Qxb7 {[%eval
305,0]} Re7 {[%eval 364,0]} 36. Qb8+ {[%eval 336,0]} Kf7 {[%eval 349,0]} 37.
Qh8 {[%eval 339,0]} Qg6 $6 {[%eval 507,0] Inaccuracy. a6 was best.} (37... a6
38. b4) 38. Rxd5 {[%eval 521,0]} cxd5 {[%eval 484,0]} 39. Rc8 {[%eval 508,0]}
Qg7 {[%eval 522,0]} 40. Qxg7+ $6 {[%eval 355,0] Inaccuracy. Qd8 was best. 1-0
White wins.} (40. Qd8 Kg6 41. Rc6+ Kh7 42. Qxd5 Qf7 43. Qd6 Qg7 44. b4 h5 45.
a4 h4 46. a5 Kh8) 1-0

[Event "I IRT Mem Mauricio Maghelly - ALEX 2023"]
[Site "Alex"]
[Date "2023.02.04"]
[Round "3.7"]
[White "Carvalho, Joao Galetti"]
[Black "Lopes, Eduardo Moraes"]
[Result "0-1"]
[WhiteElo "1531"]
[BlackElo "1744"]
[PlyCount "122"]
[EventDate "2023.01.30"]

{[%evp 0,122,30,39,50,46,50,20,62,26,26,23,23,13,13,13,25,-4,33,-22,42,43,45,
45,45,45,42,42,61,21,21,7,0,-51,-51,-32,-10,-11,-14,-10,8,0,0,8,11,0,-22,-30,
-34,-35,-41,-41,-24,-46,-48,-98,-52,-62,-58,-62,-19,-41,-37,-33,10,30,59,30,96,
79,81,97,86,0,0,0,0,-458,-467,-467,-498,-598,-330,-330,-330,-332,-332,-332,
-330,-325,-319,-350,-337,-343,-316,-358,-336,-387,-387,-468,-467,-493,-387,
-465,-440,-458,-393,-536,-545,-539,-364,-576,-610,-618,-655,-661,-705,-726,
-752,-1200,-1190,-2298,-2334,-29969,-29974]} 1. e4 {[%eval 36,0] [%emt 0:00:01]
} e6 {[%eval 0,0] [%emt 0:00:09]} 2. d4 {[%eval 3,0] [%emt 0:00:02]} d5 {
[%eval 25,0] [%emt 0:00:05]} 3. Nc3 {[%eval 18,0] [%emt 0:00:06]} Nf6 {[%eval
0,0] [%emt 0:00:03]} 4. Bg5 {[%eval 24,0] [%emt 0:00:03]} Bb4 {[%eval 34,0] 
[%emt 0:00:20]} 5. e5 {[%eval 31,0] [%emt 0:00:49]} h6 {[%eval 0,0] [%emt 0:00:
11]} 6. exf6 {[%eval 17,0] [%emt 0:08:07]} hxg5 {[%eval 17,0] [%emt 0:00:03]}
7. fxg7 {[%eval 0,0] [%emt 0:00:02]} Rg8 {[%eval 13,0] [%emt 0:00:04]} 8. Qf3 {
[%eval 4,0] [%emt 0:05:34]} Bd7 {[%eval 8,0] [%emt 0:14:22]} 9. O-O-O {[%eval
4,0] [%emt 0:01:47]} Bc6 {[%eval 12,0] [%emt 0:04:04]} 10. a3 {[%eval 11,0] 
[%emt 0:03:41]} Bxc3 $6 {[%eval 98,0] [%emt 0:04:23] Inaccuracy. Bd6 was best.}
(10... Bd6 11. Kb1 a6 12. Qe3 Rxg7 13. h4 gxh4 14. Nf3 Rg4 15. g3 Qf6 16. Nxh4
Nd7 17. Nf3) 11. Qxc3 {[%eval 95,0] [%emt 0:00:01]} Qf6 {[%eval 115,0] [%emt 0:
00:41]} 12. Nf3 {[%eval 100,0] [%emt 0:07:38]} Nd7 {[%eval 96,0] [%emt 0:01:20]
} 13. h4 {[%eval 101,0] [%emt 0:08:16]} gxh4 {[%eval 132,0] [%emt 0:04:37]} 14.
Rxh4 $6 {[%eval 68,0] [%emt 0:00:14] Inaccuracy. Qa5 was best.} (14. Qa5 Nb6
15. Rxh4 a6 16. Rh3 O-O-O 17. Ne5 Be8 18. Bxa6 Rxg7 19. Rf3 Qg5+ 20. Kb1 Qxg2)
14... O-O-O {[%eval 83,0] [%emt 0:02:21]} 15. Ba6 {[%eval 68,0] [%emt 0:08:14]}
Kb8 {[%eval 57,0] [%emt 0:03:44]} 16. b4 $6 {[%eval 0,0] [%emt 0:07:13]
Inaccuracy. Rdh1 was best.} (16. Rdh1 Qxg7 17. Bf1 Rh8 18. Qe3 Rxh4 19. Rxh4 a6
20. Qh6 Rg8 21. g3 Qf8 22. Be2 Kc8) 16... Ba4 {[%eval 23,0] [%emt 0:05:32]} 17.
Be2 {[%eval 23,0] [%emt 0:00:30]} Rxg7 {[%eval 0,0] [%emt 0:01:49]} 18. g3 {
[%eval 9,0] [%emt 0:01:22]} Qe7 {[%eval 2,0] [%emt 0:03:04]} 19. Rdh1 {[%eval
34,0] [%emt 0:01:03]} f6 {[%eval 52,0] [%emt 0:01:42]} 20. Rh8 {[%eval 0,0] 
[%emt 0:01:48]} Rdg8 $6 {[%eval 59,0] [%emt 0:06:25] Inaccuracy. a6 was best.}
(20... a6 21. Ne1 Rdg8 22. Ng2 Nb6 23. R8h6 Bd7 24. Bd3 Na4 25. Qb3 Nb6) 21.
Bd3 $6 {[%eval 2,0] [%emt 0:00:57] Inaccuracy. b5 was best.} (21. b5 c6 22.
Rxg8+ Rxg8 23. bxc6 Bxc6 24. Qb4 Qxb4 25. axb4 a6 26. Ne1 Kc7 27. Ng2 Kb6)
21... Qf8 {[%eval 51,0] [%emt 0:01:41]} 22. Rxg8 {[%eval 33,0] [%emt 0:00:47]}
Rxg8 {[%eval 44,0] [%emt 0:00:55]} 23. Rh7 {[%eval 14,0] [%emt 0:00:05]} Rh8 {
[%eval 0,0] [%emt 0:01:08]} 24. Rxh8 {[%eval 14,0] [%emt 0:03:33]} Qxh8 {
[%eval 1,0] [%emt 0:00:02]} 25. Qe1 {[%eval 16,0] [%emt 0:00:27]} Qh3 {[%eval
27,0] [%emt 0:06:05]} 26. Ng1 $6 {[%eval 32,0] [%emt 0:02:56] Inaccuracy. Nh4
was best.} (26. Nh4 Qg4) 26... Qh1 {[%eval 22,0] [%emt 0:02:25]} 27. Kb2 {
[%eval 65,0] [%emt 0:00:02]} a6 {[%eval 52,0] [%emt 0:00:39]} 28. Be2 {[%eval
7,0] [%emt 0:00:48]} Qe4 {[%eval 63,0] [%emt 0:00:40]} 29. Qd2 {[%eval 84,0] 
[%emt 0:00:39]} e5 $6 {[%eval 0,0] [%emt 0:01:10] Inaccuracy. Qg2 was best.} (
29... Qg2 30. Qe1 Qe4 31. Qd2 Nb6 32. Nf3 Qf5 33. Kc1 Bb5 34. Bxb5 Qxf3 35. Bd3
Nc4 36. Qh6) 30. Bf3 {[%eval 6,0] [%emt 0:00:56]} Qf5 {[%eval 3,0] [%emt 0:04:
15]} 31. Bxd5 {[%eval 8,0] [%emt 0:00:19]} Nb6 {[%eval 0,0] [%emt 0:00:22]} 32.
Bb3 {[%eval 6,0] [%emt 0:01:42]} Qe4 {[%eval 38,0] [%emt 0:00:34]} 33. dxe5 {
[%eval 14,0] [%emt 0:01:33]} fxe5 $6 {[%eval 89,0] [%emt 0:00:27] Inaccuracy.
Qxe5+ was best.} (33... Qxe5+ 34. Qc3 Qe4 35. f3 Qe8 36. g4 Bxb3 37. cxb3 Nd5
38. Qd3 Qe5+ 39. Kc2 f5 40. gxf5) 34. Qd3 $6 {[%eval 32,0] [%emt 0:01:50]
Inaccuracy. Ne2 was best.} (34. Ne2 Bxb3) 34... Qg2 {[%eval 32,0] [%emt 0:00:
55]} 35. Nf3 {[%eval 34,0] [%emt 0:00:52]} e4 {[%eval 27,0] [%emt 0:01:17]} 36.
Ne1 {[%eval 0,0] [%emt 0:02:24]} Qxf2 {[%eval 0,0] [%emt 0:00:25]} 37. Qxe4 {
[%eval 0,0] [%emt 0:00:21]} Qxg3 {[%eval 0,0] [%emt 0:00:56]} 38. Bf7 $4 {
[%eval -311,0] [%emt 0:00:42] Blunder. Nd3 was best.} (38. Nd3 Bxb3 39. Qe8+
Ka7 40. Kxb3 Qg7 41. Qe4 Qf7+ 42. c4 Nc8 43. Qd4+ Kb8 44. a4 Qf3) 38... Qg7+ {
[%eval -306,0] [%emt 0:00:20]} 39. Kb1 {[%eval -326,0] [%emt 0:00:27]} Qxf7 {
[%eval -325,0] [%emt 0:00:05]} 40. Nd3 {[%eval -311,0] [%emt 0:00:06]} Qc4 {
[%eval -358,0] [%emt 0:00:49]} 41. Qxc4 {[%eval -391,0] [%emt 0:01:11]} Nxc4 {
[%eval -306,0] [%emt 0:00:02]} 42. Nc5 {[%eval -432,0] [%emt 0:00:04]} Bc6 $6 {
[%eval -363,0] [%emt 0:00:57] Inaccuracy. Nxa3+ was best.} (42... Nxa3+ 43. Kb2
Nxc2 44. Kc3 Nxb4 45. Kxb4 Bb5 46. Kc3 b6 47. Ne6 c5 48. Kb3 Kb7 49. Nd8+) 43.
Ka2 {[%eval -382,0] [%emt 0:00:08]} Ne3 {[%eval -355,0] [%emt 0:00:20]} 44. Kb3
{[%eval -377,0] [%emt 0:00:07]} Ka7 {[%eval -205,0] [%emt 0:00:45]} 45. a4 {
[%eval -363,0] [%emt 0:01:19]} b6 {[%eval -361,0] [%emt 0:00:21]} 46. Nd3 {
[%eval -339,0] [%emt 0:00:17]} Be4 {[%eval -326,0] [%emt 0:00:42]} 47. Ne1 {
[%eval -337,0] [%emt 0:00:15]} Nf5 {[%eval -361,0] [%emt 0:00:49]} 48. c3 {
[%eval -334,0] [%emt 0:00:02]} Kb7 {[%eval -392,0] [%emt 0:00:13]} 49. Kc4 {
[%eval -497,0] [%emt 0:00:10]} Kc6 {[%eval -322,0] [%emt 0:00:22]} 50. Kb3 {
[%eval -329,0] [%emt 0:02:59]} Kd6 {[%eval -491,0] [%emt 0:00:25]} 51. Kc4 {
[%eval -415,0] [%emt 0:00:09]} c6 {[%eval -438,0] [%emt 0:00:44]} 52. Kb3 {
[%eval -569,0] [%emt 0:00:54]} Ke5 {[%eval -481,0] [%emt 0:00:27]} 53. Kc4 $6 {
[%eval -528,0] [%emt 0:00:08] Inaccuracy. Kb2 was best.} (53. Kb2 Kd5) 53...
Ne3+ {[%eval -535,0] [%emt 0:00:34]} 54. Kb3 {[%eval -536,0] [%emt 0:00:08]}
Ng2 {[%eval -454,0] [%emt 0:00:28]} 55. Nc2 $6 {[%eval -666,0] [%emt 0:00:09]
Inaccuracy. Kb2 was best.} (55. Kb2 Nxe1) 55... Bxc2+ {[%eval -666,0] [%emt 0:
00:10]} 56. Kxc2 {[%eval -757,0] [%emt 0:00:10]} Kd5 {[%eval -758,0] [%emt 0:
00:10]} 57. Kd3 {[%eval -792,0] [%emt 0:00:27]} Nf4+ {[%eval -636,0] [%emt 0:
00:06]} 58. Ke3 {[%eval -609,0] [%emt 0:00:30]} Kc4 {[%eval -747,0] [%emt 0:00:
23]} 59. Kxf4 {[%eval -922,0] [%emt 0:01:35]} Kxc3 {[%eval -959,0]} 60. b5 {
[%eval -1415,0] [%emt 0:00:39]} cxb5 {[%eval -1498,0] [%emt 0:00:13]} 61. axb5
{[%eval -1991,0] [%emt 0:00:06]} axb5 {[%eval -1909,0] [%emt 0:00:10]} 0-1